000 00987cas a22002895a 4500
001 L138375
008 070601d19821994xxkwr p 0 a0eng u
022 1 _a0264-049X
022 1 _a0969-7594
035 _a(Sirsi) u138375
041 0 _aeng
110 2 _aRoyal Institution of Chartered Surveyors
_94900
240 _aCSW
_bThe Property Week
245 0 0 _aChartered Surveyor Weekly
260 _aLondon
_bRICS
_bBuilder Group
_c1982-1994
362 0 _aLondon: 1(1) 28 October 1982-46(6) 10 February 1994
362 0 _aLondon: 1(1) 28 October 1982-36(12) September 1991
362 0 _aLondon: 1(1) 28 October 1982-14(12) March 1986
362 0 _aEdinburgh: 1(1) 28 October 1982-1992
520 _aFrom 44(5/6) 29 July/5 August 1993, this journal is no longer published by RICS Journals, but by The Builder Group.
554 _aWeekly
651 4 _aUNITED KINGDOM
690 _aABOUT RICS
780 0 0 _tChartered Surveyor Weekly
785 0 0 _tProperty Week
942 _n0
999 _c118980
_d118980